| Tag |
First Indicator |
Second Indicator |
Subfields |
| LEADER |
00000cam a2200000 4500 |
| 001 |
in00000704513 |
| 005 |
20151016052125.0 |
| 008 |
760819s1965 paua b 10000 eng |
| 010 |
|
|
|a 65018213
|
| 035 |
|
|
|a (OCoLC)02384121
|
| 035 |
|
|
|9 ADB5136AM
|
| 040 |
|
|
|a DLC
|c CSU
|d OCL
|d TXA
|d UtOrBLW
|
| 049 |
|
|
|a TXAM
|c [510945]
|
| 050 |
0 |
0 |
|a QD135
|b .S9 1964
|
| 111 |
2 |
|
|a Symposium on X-ray and Optical Emission Analysis of High-Temperature Alloys
|d (1964 :
|c Chicago, Ill.)
|
| 245 |
1 |
0 |
|a X ray and optical emission analysis of high-temperature alloys ;
|b [papers].
|
| 264 |
|
1 |
|a Philadelphia :
|b American Society for Testing and Materials,
|c [1965]
|
| 300 |
|
|
|a vi, 43 pages :
|b illustrations ;
|c 23 cm.
|
| 336 |
|
|
|a text
|b txt
|2 rdacontent
|
| 337 |
|
|
|a unmediated
|b n
|2 rdamedia
|
| 338 |
|
|
|a volume
|b nc
|2 rdacarrier
|
| 490 |
1 |
|
|a ASTM special technical publication no. 376
|
| 500 |
|
|
|a "A symposium presented at the sixty-seventh annual meeting, American Society for Testing and Materials, Chicago, Ill., June 23, 1964." "Sponsored by ASTM Committee E-2 on Emission Spectroscopy."
|
| 504 |
|
|
|a Includes bibliographies.
|
| 650 |
|
0 |
|a Heat resistant alloys
|v Congresses.
|
| 650 |
|
0 |
|a Spectrum analysis
|v Congresses.
|
| 710 |
2 |
|
|a ASTM Committee E-2 on Emission Spectroscopy.
|
| 830 |
|
0 |
|a ASTM special technical publication ;
|v 376.
|
| 999 |
|
|
|a MARS
|
| 999 |
f |
f |
|s e9509bac-f2d3-3b5e-ac53-efb9046d3b52
|i ca332474-4ea8-3371-9cf7-185c90487a76
|t 0
|
| 952 |
f |
f |
|p ric
|a Texas A&M University
|b Rellis Campus
|c Joint Library Facility
|d Remote Storage
|t 0
|e QD135 .S9 1964
|h Library of Congress classification
|i unmediated -- volume
|m A14804684120
|
| 998 |
f |
f |
|a QD135 .S9 1964
|t 0
|l Remote Storage
|